All Halo Campaign Levels - Statistics

General Stats
  • This quiz has been taken 48 times
  • The average score is 43 of 104
Answer Stats
Answer % Correct
Pillar of Autumn
97%
Delta Halo
94%
Halo
94%
The Library
94%
Assault on the Control Room
85%
The Covenant
85%
Truth and Reconciliation
85%
343 Guilty Spark
82%
Cairo Station
82%
Cortana
82%
Floodgate
82%
The Maw
82%
Two Betrayals
82%
ONI: Sword Base
79%
The Ark
76%
The Silent Cartographer
76%
Crow’s Nest
74%
Gravemind
74%
New Alexandria
74%
Regret
74%
Sierra 117
74%
Tsavo Highway
74%
Winter Contingency
71%
Keyes
68%
Outskirts
68%
Sacred Icon
68%
High Charity
65%
Metropolis
65%
Arbiter
62%
Long Night of Solace
62%
Before the Storm
59%
Heretic
59%
Mombasa Streets
59%
Oracle
59%
The Storm
59%
Exodus
56%
Uprising
56%
Nightfall
53%
Tip of the Spear
53%
Quarantine Zone
50%
The Package
50%
Great Journey
47%
Noble Actual
47%
Armory
44%
Arrival
44%
Lone Wolf
44%
Requiem
44%
Coastal Highway
41%
Data Hive
41%
Epilogue
38%
Kikowani Station
35%
NMPD HQ
35%
Tayari Plaza
35%
Forerunner
32%
Infinity
32%
Dawn
29%
ONI Alpha Site
29%
Prepare to Drop
29%
Uplift Reserve
29%
Composer
26%
Kizingo Boulevard
26%
Midnight
26%
Prologue
26%
Reclaimer
24%
House of Reckoning
18%
Osiris
18%
Swords of Sanghelios
18%
The Silent Auditorium
18%
Blue Team
15%
Guardians
15%
Outpost Tremonius
15%
Shutdown
15%
The Tower
15%
Command Spire
12%
Spire
12%
The Road
12%
Warship Gbraakon
12%
Evacuation
9%
Genesis
9%
Pelican Down
9%
Reunion
9%
Alliance
6%
Battle of Sunaion
6%
Glassed
6%
Meridian Station
6%
The Breaking
6%
The Sequence
6%
Unconfirmed
6%
Alpha Base
3%
Conservatory
3%
Enemy Lines
3%
Excavation Site
3%
Foundation
3%
Nexus
3%
Repository
3%
Escape
0%
Ice Canyon
0%
Last Stand
0%
Raven Down
0%
Recovery
0%
Rubble
0%
No matching quizzes found
Score Distribution
Percent of People with Each Score
Percentile by Number Answered
Your Score History
You have not taken this quiz